01091nas a2200253Ia 4500001001100000003000900011008004100020040001300061040001300074041001300087100004700100210003100147222003100178245017900209250001100388260002900399501008600428300002000514362003600534500017000570650004300740700002500783700002900808R126/E8391IT-RoPAU151124c99999999xx |||||||||||| ||und|| aIT-RoPAU cIT-RoPAU aITALIANO aCapecchi SaveriagCodice Aut. SPICS: 43895 aPROBLEMI DELL'INFORMAZIONE aProblemi Dell'Informazione aPROBLEMI DELL'INFORMAZIONE, ANNO 22-N.3 (SETTEMBRE 1997)bImmaginario Tra "Iper-Ordinario" E "Stra-Ordinario" (L'): L'Uso Dei Media Da Parte di un Gruppo di Bambini E Bambine a1a ed. aBOLOGNAbIL MULINOc1997 bPaulus - SPICS - Società San Paolo EM (non-commercial uses only)cCopyright2015 a26 p. [367-392] aANNO 022, N.03 (SETTEMBRE 1997) aContributo al Dossier: Mondo Giovane e Media. Immaginario All'Insegna di Ricchezza, Fama e Bellezza. Uso della Televisione e dei Libri da Parte di Bambini e Bambine. aCOMUNICAZIONEvPUBBLICAZIONE PERIODICA aFerrari Maria Grazia gCodice Aut. SPICS: 49398